MARC details
| 000 -LEADER |
| fixed length control field |
02773nam a22006137a 4500 |
| 001 - CONTROL NUMBER |
| control field |
11148244 |
| 005 - DATE AND TIME OF LATEST TRANSACTION |
| control field |
20090803163316.0 |
| 007 - PHYSICAL DESCRIPTION FIXED FIELD--GENERAL INFORMATION |
| fixed length control field |
t| |
| 008 - FIXED-LENGTH DATA ELEMENTS--GENERAL INFORMATION |
| fixed length control field |
760715c19529999iluqr p 0 a0eng |
| 016 ## - NATIONAL BIBLIOGRAPHIC AGENCY CONTROL NUMBER |
| Source |
DNLM |
| 016 ## - NATIONAL BIBLIOGRAPHIC AGENCY CONTROL NUMBER |
| Record control number |
L07700000 |
| Source |
DNLM |
| 022 ## - INTERNATIONAL STANDARD SERIAL NUMBER |
| International Standard Serial Number |
0024-2594 |
| Source |
1 |
| 030 ## - CODEN DESIGNATION |
| CODEN |
LIBTA3 |
| 032 ## - POSTAL REGISTRATION NUMBER |
| Postal registration number |
311980 |
| Source (agency assigning number) |
USPS |
| 035 ## - SYSTEM CONTROL NUMBER |
| System control number |
(OCoLC)ocm02313195 |
| 037 ## - SOURCE OF ACQUISITION |
| Source of stock number/acquisition |
University of Illinois Press, Journals Dept., 54 E. Gregory Dr., Champaign, IL 61820 |
| 040 ## - CATALOGING SOURCE |
| Original cataloging agency |
DLC |
| Transcribing agency |
CtY |
| Modifying agency |
CtY |
| -- |
FGULS |
| -- |
MBTI |
| -- |
NSDP |
| -- |
OCoLC |
| -- |
InU |
| -- |
DLC |
| -- |
OCoLC |
| -- |
AIP |
| -- |
NSDP |
| -- |
AIP |
| -- |
NST |
| -- |
OCoLC |
| -- |
NST |
| -- |
ICRL |
| -- |
NST |
| -- |
MH |
| -- |
DNAL |
| -- |
InU |
| -- |
MH |
| -- |
DNLM |
| -- |
OCoLC |
| -- |
DIBAM |
| -- |
NLGGC |
| -- |
CU-S |
| -- |
MCM |
| -- |
CSdS |
| -- |
CaQQL |
| -- |
NYDWH |
| -- |
NSDP |
| -- |
AkAS |
| 042 ## - AUTHENTICATION CODE |
| Authentication code |
lc |
| -- |
nsdp |
| 050 ## - LIBRARY OF CONGRESS CALL NUMBER |
| Classification number |
Z671 |
| Item number |
.L6173 |
| 060 ## - NATIONAL LIBRARY OF MEDICINE CALL NUMBER |
| Classification number |
Z 671 |
| Item number |
L698 |
| 070 ## - NATIONAL AGRICULTURAL LIBRARY CALL NUMBER |
| Classification number |
243.8 |
| Item number |
L619 |
| 072 ## - SUBJECT CATEGORY CODE |
| Subject category code |
X200 |
| 082 ## - DEWEY DECIMAL CLASSIFICATION NUMBER |
| Classification number |
020.5 |
| 210 ## - ABBREVIATED TITLE |
| Abbreviated title |
Libr. trends |
| 222 ## - KEY TITLE |
| Key title |
Library trends |
| 245 ## - TITLE STATEMENT |
| Title |
Library trends. |
| 260 ## - PUBLICATION, DISTRIBUTION, ETC. (IMPRINT) |
| Place of publication, distribution, etc |
Urbana, Ill. : |
| Name of publisher, distributor, etc |
University of Illinois Library School, |
| Date of publication, distribution, etc |
1952- |
| 300 ## - PHYSICAL DESCRIPTION |
| Extent |
v. ; |
| Dimensions |
24 cm. |
| 310 ## - CURRENT PUBLICATION FREQUENCY |
| Current publication frequency |
Quarterly |
| 362 ## - DATES OF PUBLICATION AND/OR SEQUENTIAL DESIGNATION |
| Dates of publication and/or sequential designation |
Vol. 1, no. 1 (July 1952)- |
| 500 ## - GENERAL NOTE |
| General note |
Title from cover. |
| 500 ## - GENERAL NOTE |
| General note |
Each issue is concerned with one aspect of librarianship, and is planned by an invited guest editor. |
| 500 ## - GENERAL NOTE |
| General note |
Latest issue consulted: Vol. 48, no. 4 (spring 2000). |
| 550 ## - ISSUING BODY NOTE |
| Issuing body note |
Issued by: University of Illinois Library School, 1952- ; University of Illinois Graduate School of Library Science; <1961>-fall 1980; University of Illinois Graduate School of Library and Information Science, 1981- |
| 590 ## - LOCAL NOTE (RLIN) |
| Local note |
SERBIB/SERLOC merged record |
| 650 ## - SUBJECT ADDED ENTRY--TOPICAL TERM |
| Topical term or geographic name as entry element |
Library science |
| Form subdivision |
Periodicals. |
| 650 ## - SUBJECT ADDED ENTRY--TOPICAL TERM |
| Topical term or geographic name as entry element |
Library Science |
| Form subdivision |
Periodicals. |
| 650 ## - SUBJECT ADDED ENTRY--TOPICAL TERM |
| Topical term or geographic name as entry element |
BIBLIOTECOLOGIA |
| General subdivision |
PUBLICACIONES PERIODICAS. |
| Source of heading or term |
renib |
| 650 ## - SUBJECT ADDED ENTRY--TOPICAL TERM |
| Topical term or geographic name as entry element |
Documentaire informatie. |
| Source of heading or term |
gtt |
| 650 ## - SUBJECT ADDED ENTRY--TOPICAL TERM |
| Topical term or geographic name as entry element |
Bibliotheekwetenschap. |
| Source of heading or term |
gtt |
| 650 ## - SUBJECT ADDED ENTRY--TOPICAL TERM |
| Topical term or geographic name as entry element |
Bibliothéconomie |
| Form subdivision |
Périodiques. |
| 650 ## - SUBJECT ADDED ENTRY--TOPICAL TERM |
| Topical term or geographic name as entry element |
LIBRARY DEVELOPMENT. |
| Source of heading or term |
unbist |
| 650 ## - SUBJECT ADDED ENTRY--TOPICAL TERM |
| Topical term or geographic name as entry element |
LIBRARY SCIENCE. |
| Source of heading or term |
unbist |
| 650 ## - SUBJECT ADDED ENTRY--TOPICAL TERM |
| Topical term or geographic name as entry element |
TECHNICAL SERVICES (LIBRARIES) |
| Source of heading or term |
unbist |
| 710 ## - ADDED ENTRY--CORPORATE NAME |
| Corporate name or jurisdiction name as entry element |
University of Illinois (Urbana-Champaign campus). |
| Subordinate unit |
Library School. |
| 710 ## - ADDED ENTRY--CORPORATE NAME |
| Corporate name or jurisdiction name as entry element |
University of Illinois (Urbana-Champaign campus). |
| Subordinate unit |
Graduate School of Library Science. |
| 710 ## - ADDED ENTRY--CORPORATE NAME |
| Corporate name or jurisdiction name as entry element |
University of Illinois at Urbana-Champaign. |
| Subordinate unit |
Graduate School of Library Science. |
| 710 ## - ADDED ENTRY--CORPORATE NAME |
| Corporate name or jurisdiction name as entry element |
University of Illinois at Urbana-Champaign. |
| Subordinate unit |
Graduate School of Library and Information Science. |
| 776 ## - ADDITIONAL PHYSICAL FORM ENTRY |
| Title |
Library trends (Online) |
| International Standard Serial Number |
1559-0682 |
| Record control number |
(DLC) 2005216284 |
| -- |
(OCoLC)60615603 |
| 906 ## - LOCAL DATA ELEMENT F, LDF (RLIN) |
| a |
7 |
| b |
cbc |
| c |
serials |
| d |
3 |
| e |
ncip |
| f |
19 |
| g |
n-oclcserc |
| 942 ## - ADDED ENTRY ELEMENTS (KOHA) |
| Source of classification or shelving scheme |
Dewey Decimal Classification |
| Item type |
Periodicals |
| Classification part |
020.5 |
| Call number suffix |
LIB |
| Serial record |
1 |